| 000 | 00425nam a2200181Ia 4500 | ||
|---|---|---|---|
| 005 | 20240823033226.0 | ||
| 008 | 240823s9999||||xx |||||||||||||| ||und|| | ||
| 041 | _aENGLISH | ||
| 082 | _A813.54 Q2 | ||
| 100 | _aMuthu Lekshmi Ragavan | ||
| 245 | 0 | _aTheenam Pallai | |
| 250 | _a1st | ||
| 260 |
_c2012 _bKarpagam Publica _aCoimbatore |
||
| 500 | _aYES | ||
| 650 |
_aTamil Books _bGeneral |
||
| 942 | _cBK | ||
| 999 |
_c195312 _d195312 |
||